Dört mevsim Kastamonu : (Record no. 200446127)
[ view plain ]
| 000 -LEADER | |
|---|---|
| fixed length control field | 00995cam a2200301 i 4500 |
| 001 - CONTROL NUMBER | |
| control field | 200446127 |
| 003 - CONTROL NUMBER IDENTIFIER | |
| control field | TR-AnTOB |
| 005 - DATE AND TIME OF LATEST TRANSACTION | |
| control field | 20251230104209.0 |
| 007 - PHYSICAL DESCRIPTION FIXED FIELD--GENERAL INFORMATION | |
| fixed length control field | ta |
| 008 - FIXED-LENGTH DATA ELEMENTS--GENERAL INFORMATION | |
| fixed length control field | 140620s2009 tu a $r01 $$$$ ttu u |
| 040 ## - CATALOGING SOURCE | |
| Original cataloging agency | TR-AnTOB |
| Language of cataloging | eng |
| Description conventions | rda |
| Transcribing agency | TR-AnTOB |
| 041 0# - LANGUAGE CODE | |
| Language code of text/sound track or separate title | Türkçe |
| 044 ## - COUNTRY OF PUBLISHING/PRODUCING ENTITY CODE | |
| ISO country code | tu |
| 050 14 - LIBRARY OF CONGRESS CALL NUMBER | |
| Classification number | DS51.K2 |
| Item number | K388 2009 |
| 090 00 - LOCALLY ASSIGNED LC-TYPE CALL NUMBER (OCLC); LOCAL CALL NUMBER (RLIN) | |
| Classification number (OCLC) (R) ; Classification number, CALL (RLIN) (NR) | DS51.K2 |
| Local cutter number (OCLC) ; Book number/undivided call number, CALL (RLIN) | K388 2009 |
| 245 1# - TITLE STATEMENT | |
| Title | Dört mevsim Kastamonu : |
| Remainder of title | ilkbahar, yaz, sonbahar, kış / |
| Statement of responsibility, etc. | fotoğrafçılar Fahri Özbek...[and ten others]. |
| 246 #0 - VARYING FORM OF TITLE | |
| Title proper/short title | 4 mevsim Kastamonu. |
| 264 #1 - PRODUCTION, PUBLICATION, DISTRIBUTION, MANUFACTURE, AND COPYRIGHT NOTICE | |
| Place of production, publication, distribution, manufacture | Kastamonu : |
| Name of producer, publisher, distributor, manufacturer | T.C. Kastamonu Valiliği İl Özel İdaresi, |
| Date of production, publication, distribution, manufacture, or copyright notice | 2009. |
| 300 ## - PHYSICAL DESCRIPTION | |
| Extent | 208 pages : |
| Other physical details | photographs ; |
| Dimensions | 24 cm |
| 336 ## - CONTENT TYPE | |
| Content type term | metin |
| Content type code | txt |
| Source | rdacontent |
| 337 ## - MEDIA TYPE | |
| Media type term | aracısız |
| Media type code | n |
| Source | rdamedia |
| 338 ## - CARRIER TYPE | |
| Carrier type term | cilt |
| Carrier type code | nc |
| Source | rdacarrier |
| 651 #0 - SUBJECT ADDED ENTRY--GEOGRAPHIC NAME | |
| Geographic name | Kastamonu (Türkiye) |
| General subdivision | Gezi ve tanıtım |
| 9 (RLIN) | 54001 |
| Geographic name | Kastamonu (Türkiye) |
| General subdivision | Tarih |
| Source of heading or term | etuturkob |
| 9 (RLIN) | 43079 |
| 700 1# - ADDED ENTRY--PERSONAL NAME | |
| Personal name | Özbek, Fahri |
| Relator term | photographer |
| 9 (RLIN) | 122726 |
| 942 ## - ADDED ENTRY ELEMENTS (KOHA) | |
| Source of classification or shelving scheme | Library of Congress Classification |
| Koha item type | Book |
| Withdrawn status | Lost status | Source of classification or shelving scheme | Materials specified (bound volume or other part) | Not for loan | Collection code | Home library | Current library | Shelving location | Date acquired | Source of acquisition | Inventory number | Total Checkouts | Full call number | Barcode | Date last seen | Copy number | Date shelved | Koha item type |
|---|---|---|---|---|---|---|---|---|---|---|---|---|---|---|---|---|---|---|
| Library of Congress Classification | c.1 | Ödünç Verilebilir / Available | Genel Koleksiyon | Merkez Kütüphane | Merkez Kütüphane | Genel Koleksiyon / Main Collection | 06/01/2022 | Bağış / Donation | TAR | DS51.K2 K388 2009 | 0064478 | 06/01/2022 | 1 | 06/01/2022 | Book | |||
| Library of Congress Classification | c.2 | Ödünç Verilebilir / Available | Genel Koleksiyon | Merkez Kütüphane | Merkez Kütüphane | Genel Koleksiyon / Main Collection | 06/01/2022 | Bağış / Donation | TAR | DS51.K2 K388 2009 c.2 | 0064479 | 06/01/2022 | 2 | 06/01/2022 | Book |
